| 000 | 00484nam a22001817a 4500 | ||
|---|---|---|---|
| 003 | CEME | ||
| 005 | 20210628203238.0 | ||
| 008 | 210203b xxu||||| |||| 00| 0 eng d | ||
| 020 | _a8177221914 | ||
| 040 | _c. | ||
| 082 | _a658.7 MOH | ||
| 100 |
_aMohanty, R.P , Deshmukh, S.G _964047 |
||
| 245 | _aSupply chain management , theories and practices | ||
| 260 |
_aNEW DELHI _bBIZTANTRA _c2005 |
||
| 300 | _aXV, 355P | ||
| 650 |
_aSUPPLY CHAIN MANAGEMENT. _919120 |
||
| 942 |
_cBK _2ddc |
||
| 999 |
_c572806 _d572806 |
||